Ekonomika i matematičeskije metody

Uložené v:
Podrobná bibliografia
Médium: Seriál
Jazyk:Russian
Vydavateľské údaje: Moskva Nauka
Tagy: Pridať tag
Žiadne tagy, Buďte prvý, kto otaguje tento záznam!

MARC

LEADER 00000nas1a22000001 4500
001 s121052
005 20041019155347.3
041 0 |a rus 
044 |a RU 
245 1 0 |a Ekonomika i matematičeskije metody 
264 1 |a Moskva  |b Nauka